Normal view
MARC view
Entry Uniform Title
001 - CONTROL NUMBER
- control field: 26298
003 - CONTROL NUMBER IDENTIFIER
- control field: dpl
005 - DATE AND TIME OF LATEST TRANSACTION
- control field: 20110228160831.0
008 - FIXED-LENGTH DATA ELEMENTS
- fixed length control field: 110228|||a|||||| | ||| d
040 ## - CATALOGING SOURCE
- Original cataloging agency: dpl
- Transcribing agency: dpl
130 ## - HEADING--UNIFORM TITLE
- Uniform title: Microsoft Excel (Computer file)
670 ## - SOURCE DATA FOUND
- Source citation: Work cat.: (dpl): 12973 Tennick, Art, Practical PowerPivot & DAX formulas for Excel 2010 / , 2011
670 ## - SOURCE DATA FOUND
- Source citation: Work cat.: (dpl): 12973 Tennick, Art, Practical PowerPivot & DAX formulas for Excel 2010 / , 2011
